Effectif Allemagne - Euro 2016 - Statistiques

Statistiques générales
  • Ce quiz a été pris 30 fois
  • Le résultat moyen est 16 sur 24
Statistiques - réponses
POSTE CLUB NUMERO JOUEUR % Correct
G Bayern Munich 1 Manuel Neuer
100%
G FC Barcelone 22 Marc-André ter Stegen
100%
DEF Borussia Dortmund 5 Mats Hummels
97%
MIL Juventus 6 Sami Khedira
97%
DEF Bayern Munich 17 Jérôme Boateng
93%
ATT Bayern Munich 13 Thomas Müller
90%
MIL Arsenal 8 Mesut Özil
86%
MIL Real Madrid 18 Toni Kroos
86%
DEF Bayern Munich 21 Joshua Kimmich
79%
MIL Manchester United 7 Bastian Schweinsteiger
76%
COACH - - Joachim Löw
76%
MIL Liverpool 14 Emre Can
72%
ATT Beşiktaş 23 Mario Gómez
69%
ATT Bayern Munich 19 Mario Götze
66%
ATT Schalke 04 20 Leroy Sané
62%
DEF Valence CF 2 Shkodran Mustafi
62%
MIL VfL Wolfsburg 11 Julian Draxler
59%
DEF Bayer Leverkusen 16 Jonathan Tah
52%
G Bayer Leverkusen 12 Bernd Leno
48%
ATT Galatasaray 10 Lukas Podolski
48%
DEF Schalke 04 4 Benedikt Höwedes
45%
DEF FC Cologne 3 Jonas Hector
41%
ATT VfL Wolfsburg 9 André Schürrle
28%
MIL Borussia Dortmund 15 Julian Weigl
10%
Aucun quiz correspondant
Distribution des résultats
% des personnes avec chaque résultat
Percentile par nombre de réponses
Votre historique - résultats
Vous n’avez pas pris ce quiz